000 03803nab a2200241 i 4500
003 BR-BrBNA
005 20260204182745.0
008 260204b bl.||||| |||| 00| 0 por d
040 _aBR-BrBNA
_beng
072 _aF70
100 _aPagin-Cláudio, Filipe
100 _aGugliotta, Adriana de Mello
245 _aSix new records of polypores (Agaricomycetes, Basidiomycota) from Southeast Brazil (Atlantic Forest) and perspectives in basic mycological research
500 _aPublicação on-line; Bibliography p. 12-15 (65 ref.); 9 illus.; Summaries (En, Pt)
520 _a Abstract The present study aims to present six new records of polypores from Southeast Brazil (Atlantic Forest): Fibroporia gossypium, Fomitiporia subtilissima, Fuscoporia marquesiana, Microporellus terrestris, Neodictyopus atlanticae and Perenniporia brasiliensis, as well as to discuss perspectives in basic mycological research through contextual analysis of primary and secondary metadata from inventories, monographs and revisions of existing reference collections. Polypores are wood-inhabiting macrofungi with tubular hymenophores. They play a major role in decomposition within terrestrial ecosystems and hold significant importance for humans. The Atlantic Forest, a biodiversity hotspot with high levels of diversity and endemism, is an ideal source for discovering unknown fungi. Thus, our fungal inventory was built from collections made in the natural remnants of the São Paulo Green Belt Biosphere Reserve, which are strategic sites within the Brazilian Atlantic Forest, located in the municipality of Juquitiba, São Paulo state, Brazil. We provide full descriptions, photoplates, illustrations, remarks on geographic distribution, and additional comments for the newly recorded polypores. Key words: • Hymenochaetales • Mycology • Polyporales • Taxonomy • Tropical America Resumo Este trabalho tem por objetivo apresentar seis novos registros de políporos do sudeste brasileiro (Floresta Atlântica): Fibroporia gossypium, Fomitiporia subtilissima, Fuscoporia marquesiana, Microporellus terrestris, Neodictyopus atlanticae e Perenniporia brasiliensis, assim como discutir perspectivas da pesquisa micológica básica através da análise contextual de metadados primários e secundários de inventários, monografias e coleções físicas existentes. Políporos são macrofungos lignícolas com himenóforos tubulares. Eles desempenham funções cruciais na decomposição dos ecossistemas terrestres e possuem uma importância significativa para os humanos. A Floresta Atlântica, hotspot da biodiversidade com níveis elevados de diversidade e endemismo, é uma fonte ideal para descobertas de fungos desconhecidos. Sendo assim, o inventário dos fungos foi elaborado a partir de coletas em remanescentes naturais da Reserva da Biosfera do Cinturão Verde de São Paulo, que são locais estratégicos da Floresta Atlântica brasileira, situados no município de Juquitiba, estado de São Paulo, Brasil. Além do mais, este artigo provê descrições completas, pranchas fotográficas, ilustrações, informações sobre distribuições geográficas e comentários adicionais para os seis novos registros de políporos. Palavras-chave: • Hymenochaetales • Mycologia • Polyporales • Taxonomia • America Tropical
650 _aMICOLOGIA
650 _aTAXONOMIA
650 _aFUNGO
773 0 _0709
_9360062
_dRio de Janeiro-RJ Jardim Botanico do Rio de Janeiro 1935
_o2026-0452
_tRodriguésia (Brazil)
_x0370-6583; 2175-7860 on-line
_gv. 76 p. 1-15; (2025)
_wBR2025007490
856 _uhttps://www.scielo.br/j/rod/a/SFxJ5cBhRwSTm4Fcb9yBVSx/?format=pdf&lang=en
942 _cANA
999 _c340007
_d340007